MARC

LEADER 00000nam0a2200000 4500
001 22661
005 20231101205513.0
010 |a 520002725X 
035 |a (RuTPU)RU\TPU\book\22874 
035 |a BOOK00022946 
090 |a 22661 
100 |a 20011209d1999 km y0rusy50 ca 
101 0 |a ita  |a rus 
102 |a RU 
105 |a y e 000zy 
200 1 |a Большой итальянско-русский словарь  |f Г. Ф. Зорько, Б. Н. Майзель, Н. А. Скворцова 
205 |a 3-е изд., стереотип. 
210 |a Москва  |c Русский язык  |d 1999 
215 |a 1018 с. 
225 1 |a А - Я 
606 |a Итальянский язык  |x Словари  |2 stltpush  |3 (RuTPU)RU\TPU\subj\13311  |9 39936 
610 1 |a словари 
610 1 |a терминологические словари 
686 |a Ш147.31-4  |v LBC/SL-A  |2 rubbk 
700 1 |a Зорько  |b Г. Ф.  |g Герман Федорович 
701 1 |a Майзель  |b Б. Н.  |g Борис Наумович 
701 1 |a Скворцова  |b Н. А.  |g Надежда Александровна 
801 0 |a RU  |b 63413507  |c 20011209  |g PSBO 
801 2 |a RU  |b 63413507  |c 20161107  |g PSBO 
942 |c BK